Statistics for NFL Top 50 Sack Leaders 2023-2024

Click here to take the quiz!

General Stats

  • This quiz has been taken 119 times
  • The average score is 20 of 50

Answer Stats

SacksTeamPlayer% Correct
19SteelersTJ Watt
100%
14CowboysMicah Parsons
93%
14BrownsMyles Garrett
92%
14.5RaidersMaxx Crosby
91%
17.5BengalsTrey Hendrickson
88%
17ChargersKhalil Mack
87%
10.549ersNick Bosa
85%
10.5ChiefsChris Jones
83%
17.5JaguarsJosh Allen
81%
16.5VikingsDanielle Hunter
80%
11.5LionsAidan Hutchinson
71%
8PackersPreston Smith
66%
12.5BearsMontez Sweat
58%
8RamsAaron Donald
52%
9DolphinsChristian Wilkins
51%
11EaglesHaason Reddick
51%
10.5ChiefsGeorge Karlaftis
49%
8ColtsDeForest Buckner
47%
11DolphinsBradley Chubb
45%
11.5GiantsKayvon Thibodeaux
44%
7.549ersChase Young
43%
8RamsByron Young
42%
13RavensJustin Madubuike
40%
7.5JetsJermaine Johnson
34%
8PanthersBrian Burns
33%
12.5TexansJonathan Greenard
33%
9.5BillsEd Oliver
31%
9.5RavensJadeveon Clowney
31%
9PackersRashan Gary
28%
10JaguarsTravon Walker
28%
7.5PackersKenny Clark
27%
10.5TitansHarold Landry III
21%
9RamsKobie Turner
21%
11.5TitansDenico Autry
17%
10JetsBryce Huff
16%
10.5BillsLeonard Floyd
16%
9SeahawksBoye Mafe
14%
9RavensKyle Van Noy
14%
8.5PatriotsChristian Barmore
13%
8.5ColtsKwity Paye
13%
8.5SaintsCarl Granderson
12%
7.5CowboysDorance Armstrong
9%
7.5BuccaneersYaya Diaby
8%
10DolphinsZach Sieler
6%
8.5BroncosJonathan Cooper
5%
8VikingsDJ Wonnum
3%
8BroncosNik Bonitto
3%
8ColtsDayo Odeyingbo
2%
8RaidersMalcolm Koonce
2%
9.5ColtsSamsom Ebukam
2%

Score Distribution

Percentile by Number Answered

Percent of People with Each Score

Your Score History

You have not taken this quiz